000
00305nam a22001337a 4500
008
171023b xxu||||| |||| 00| 0 eng d
020
_a
999437141-X
041
_a
alb
080
_a
338
100
_a
54
101
_a
MIS
245
_a
SISTEMET E INFORMACIONIT TE MENAXHIMIT
_c
RUSETI,B
942
_2
udc
_c
BK
999
_c
35380
_d
35380